Central Library OPAC University of Rajshahi

অ্যারিওপ্যাগিটিকা / (Record no. 45009)

MARC details
000 -LEADER
fixed length control field 01331nam a2200313 a 4500
001 - CONTROL NUMBER
control field 45009
003 - CONTROL NUMBER IDENTIFIER
rucl marc code BD-RjUL
005 - DATE AND TIME OF LATEST TRANSACTION
control field 20211209053940.0
008 - FIXED-LENGTH DATA ELEMENTS--GENERAL INFORMATION
fixed length control field 160721s1963 ii ||||| |||| 00| 0 ben d
020 ## - INTERNATIONAL STANDARD BOOK NUMBER
Terms of availability : IRs.1.00
035 ## - SYSTEM CONTROL NUMBER
System control number (BD-RjUL)45127
040 ## - CATALOGING SOURCE
Original cataloging agency BD-RjUL
Language of cataloging ben
Transcribing agency BD-RjUL
Modifying agency BD-RjUL
041 ## - LANGUAGE CODE
Language code of text/sound track or separate title ben
082 ## - DEWEY DECIMAL CLASSIFICATION NUMBER
Edition number 23
Classification number 323.445
Author mark and year MIA 1963
100 1# - MAIN ENTRY--PERSONAL NAME
Personal name মিল্টন, জন
9 (RLIN) 137920
245 10 - TITLE STATEMENT
Title অ্যারিওপ্যাগিটিকা /
Statement of responsibility, etc. জন মিল্টন ; শশিভূষণ দাশগুপ্ত অনূদিত
260 ## - PUBLICATION, DISTRIBUTION, ETC. (IMPRINT)
Place of publication, distribution, etc. নিউ দিল্লি :
Name of publisher, distributor, etc. সাহিত্য অকাদেমী,
Date of publication, distribution, etc. ১৯৬৩
300 ## - PHYSICAL DESCRIPTION
Pagination ১৩৫ পৃ. ;
Size ২৫ সেমি.
650 ## - SUBJECT ADDED ENTRY--TOPICAL TERM
Topical term or geographic name as entry element সংবাদপত্রের স্বাধীনতা
9 (RLIN) 238859
Topical term or geographic name as entry element Freedom of the press
9 (RLIN) 238860
Topical term or geographic name as entry element রাজনীতি এবং সরকার
9 (RLIN) 238861
Topical term or geographic name as entry element Politics and government
9 (RLIN) 238862
Topical term or geographic name as entry element তথ্যের স্বাধীনতা
9 (RLIN) 238865
Topical term or geographic name as entry element Freedom of Information
9 (RLIN) 238866
Topical term or geographic name as entry element প্রকাশের স্বাধীনতা
9 (RLIN) 238867
Topical term or geographic name as entry element Freedom of Publication
9 (RLIN) 238868
700 ## - ADDED ENTRY--PERSONAL NAME
Personal name দাশগুপ্ত, শশিভূষণ, অনুবাদক
942 ## - ADDED ENTRY ELEMENTS (KOHA)
Source of classification or shelving scheme Dewey Decimal Classification
Koha item type Books
Holdings
Lost status Source of classification or shelving scheme Damaged status Not for loan Collection code Permanent Location Current Location Shelving location Date acquired Source of acquisition Cost, normal purchase price Total Checkouts Full call number Date last seen Copy number Koha item type
  Dewey Decimal Classification     Non-fiction Central Library, University of Rajshahi Central Library, University of Rajshahi   15/09/1973 Uttorbango lib. 3.00   B 323.445 MIA 1963 21/07/2016 C-2 Books
  Dewey Decimal Classification   Not For Loan Rare Books Central Library, University of Rajshahi Central Library, University of Rajshahi Rare Book Section 30/09/1981 India International,kolikata 3.00   BRA 323.445 MIA 1963 04/02/2020 C-1 Rare Books